ბათუმის შოთა რუსთაველის სახელმწიფო უნივერსიტეტის ბიბლიოთეკა

რელიგიური უმცირესობები სამცხე-ჯავახეთში : (ბიბ.ჩანაწერი № 58774)

000 -ლიდერი
ფიქსირებული სიგრძის საკონტროლო ველი 01524nam a22002297a 4500
003 - საკონტროლო ნომრის იდენტიფიკატორი
საკონტროლო ველი Ge_BSU
005 - ბოლო ოპერაციის თარიღი და დრო
საკონტროლო ველი 20221019120015.0
008 - ფიქსირებული სიგრძის მონაცემთა ელემენტები - ზოგადი ინფორმაცია
ფიქსირებული სიგრძის საკონტროლო ველი 220721b xxu||||| |||| 00| 0 geo d
020 ## - წიგნის საერთაშორისო სტანდარტული ნომერი
International Standard Book Number 9789941266553
041 ## - ენის კოდი
Language code of text/sound track or separate title geo
080 ## - უნივერსალური ათობითი კლასიფიკაციის ინდექსი
Universal Decimal Classification number 342.724(479.22.5)+21/28(479.22) ი-38
100 ## - მთავარი ჩანაწერი - პიროვნების სახელი
Personal name იველაშვილი, თინა
9 (RLIN) 558
245 ## - ცნობა სათაურის შესახებ
Title რელიგიური უმცირესობები სამცხე-ჯავახეთში :
Remainder of title [მონოგრაფია] /
Statement of responsibility, etc თინა იველაშვილი ; რედ. ბონდო არველაძე
264 ## - წარმოების, გამოცემის, დისტრიბუციის და სხვა ცნობები
გამოცემის, წარმოების, დისტრიბუციის... ადგილი თბილისი :
გამოცემის, წარმოების, დისტრიბუციის... სახელწოდება უნივერსალი,
გამოცემის, წარმოების, დისტრიბუციის... თარიღი 2019.
300 ## - ფიზიკური აღწერა
Extent 380 გვ. ;
Dimensions 20 სმ.
500 ## - ზოგადი შენიშვნა
General note პროექტი განხორციელდა სსიპ შოთა რუსთაველის ეროვნულ სამეცნიერო ფონდში მოპოვებული გრანტის დაფინანსებით.
504 ## - BIBLIOGRAPHY, ETC. NOTE
Bibliography, etc ბიბლიოგრაფია: გვ. 362-379 და ტექსტის შენიშვნებში
653 ## - INDEX TERM--UNCONTROLLED
Uncontrolled term რელიგიური უმცირესობები საქართველოში.
700 ## - ADDED ENTRY--PERSONAL NAME
Personal name არველაძე, ბონდო
Relator term რედაქტორი
9 (RLIN) 14460
710 ## - ADDED ENTRY--CORPORATE NAME
Corporate name or jurisdiction name as entry element შოთა რუსთაველის ეროვნული სამეცნიერო ფონდი.
9 (RLIN) 6480
942 ## - ADDED ENTRY ELEMENTS (KOHA)
Source of classification or shelving scheme
Koha item type წიგნი
ეგზემპლარები
ჩამოწერის სტატუსი დაკარგული ეგზემპლარის სტატუსი კლასიფიკაციის წყარო ან თაროზე გაწყობის სქემა დაზიანების სტატუსი არ გაიცემა მუდმივი მდებარეობა (დაცვის ადგილი) ამჟამინდელი ადგილსამყოფელი თაროზე განთავსების ადგილი შეძენის თარიღი ღირებულება, შესყიდვის ნორმალური ფასი სრული შენახვის შიფრი შტრიხკოდი ბოლო ოპერაციის თარიღი ეგზემპლარის მიმდევრობითი ნომერი (კეტერი?) ფასის ძალაში შესვლის თარიღი ეგზემპლარის სახეობა საჯარო შენიშვნა
          ბათუმის შოთა რუსთაველის სახელმწიფო უნივერსიტეტის მთავარი ბიბლიოთეკა ბათუმის შოთა რუსთაველის სახელმწიფო უნივერსიტეტის მთავარი ბიბლიოთეკა წიგნსაცავი 2022-07-21 10.00 342.724(479.22.5)+21/28(479.22) ი-38 63009 2022-07-21 63009 2022-07-21 წიგნი 10.00
          ბათუმის შოთა რუსთაველის სახელმწიფო უნივერსიტეტის მთავარი ბიბლიოთეკა ბათუმის შოთა რუსთაველის სახელმწიფო უნივერსიტეტის მთავარი ბიბლიოთეკა წიგნსაცავი 2022-10-19 10.00 342.724(479.22.5)+21/28(479.22) ი-38 63105 2022-10-19 63105 2022-10-19 წიგნი 10.00